000 00223nam a2200097Ia 4500
008 190216s9999||||xx |||||||||||||| ||und||
100 _aPaniker
245 0 _aBusiness Organisation And Management
260 _bNull
942 _cBK
999 _c3826
_d3826